Geboren in Gelsenkirchen - Statistiken

Allgemein
  • Dieses Quiz wurde 152 mal gespielt
    48 seit der letzten Aktualisierung
  • Das Durchschnittsergebnis liegt bei 5 aus 21
Antwortstatistiken
Hinweis Antwort % Korrekt
Nationaltorwart, Bayern München 1986 Manuel Neuer
88%
früherer deutscher Nationalspieler (Real Madrid, Arsenal und Werder Bremen) 1988 Mesut Özil
66%
deutscher Nationalspieler, FC Barcelona 1990 Ilkay Gündogan
49%
früherer türkischer Nationalspieler, (Schalke, Augsburg, Kaiserslautern) 1982 Halil Altintop
46%
früherer türkischer Nationalspieler, (Schalke, Bayern und Real Madrid) 1982 Hamit Altintop
46%
türkischer Nationalspieler, Galatasaray Istanbul 1994 Kaan Ayhan
39%
Bundesjustizminister von 2021 bis 2024 und FDP-Politiker 1977 Marco Buschmann
37%
Jugendtrainer und Kopf der berühmten "Knappen-Schmiede" 1957 Norbert Elgert
32%
ehemaliger Fußballer und Schalke-Legende 1905 Ernst Kuzorra
27%
ehemaliger Nationalspieler, (Schalke, Bayern München) 1966 Olaf Thon
24%
Comedian und Autor, "Lehrerkind" 1984 Bastian Bielendorfer
17%
ehemaliger Fußballtorwart, (Schalke, Hertha) 1948 Norbert Nigbur
15%
Fußballtrainer (Karlsruhe, Ingolstadt, St. Pauli, Dresden und Wiesbaden) 1970 Markus Kauczinski
12%
Sängerin, "So wie du bist" 1986 Lary
10%
Schauspieler, "Inglorious Basterds" Leipzig-"Tatort" 1962 Martin Wuttke
5%
Fußballtrainer, (Griechenland, Eintracht Frankfurt, Bayer Leverkusen) 1965 Michael Skibbe
5%
Erfinder des Einweckglases 1859 Rudolf Rempel
2%
Politikerin und Spitzenkandidatin der deutschen und europäischen Grünen für die Europawahl 2024 1987 Terry Reintke
2%
Regisseur, "Er ist wieder da" "Feuchtgebiete" 1977 David Wnendt
0%
bedeutender Virologe und Nobelpreisträger 1936 Harald von Hausen
0%
ehemaliger Ruderer und jüngster deutscher Olympiasieger überhaupt 1946 Klaus Zerta
0%
Keine übereinstimmenden Quizze gefunden
Verteilung der Resultate
Anzahl Personen mit jedem Resultat
Perzentil nach korrekt beantworteten Fragen
Ihre Resultats-Entwicklung
Sie haben dieses Quiz seit der letzten Aktualisierung nicht gespielt